| 000 | 00616nam a2200205 a 4500 | ||
|---|---|---|---|
| 005 | 20140310183240.0 | ||
| 008 | 041109s19uu xx 00 eng d | ||
| 020 | _a9814119954 | ||
| 050 |
_aTK 5105 _b.St782 2003 |
||
| 100 | _aStallings, William | ||
| 245 |
_aBusiness data communications / _cWilliam Stallings. |
||
| 250 | _a4th ed. | ||
| 260 |
_aJurong, Singapore : _bPearson Education (Asia) Pte Ltd., _c2003. |
||
| 300 |
_a659 p. : _bill. ; _c27 cm. |
||
| 521 | _aIT | ||
| 650 | _aData Transmission Systems. | ||
| 650 |
_aBusiness enterprise _xComputer Network. |
||
| 942 |
_cBK _2lcc _kFOR |
||
| 999 |
_c20602 _d20602 |
||